Best European Teams at each World Cup - Statistics

General Stats
  • This quiz has been taken 166 times
    87 since last reset
  • The average score is 19 of 22
Answer Stats
Hint Answer % Correct
2018 (1st) France
96%
1998 (1st) France
95%
2022 (2nd) France
95%
2014 (1st) Germany
95%
2010 (1st) Spain
95%
1966 (1st) England
94%
2006 (1st) Italy
92%
2002 (2nd) Germany
91%
1934 (1st) Italy
91%
1994 (2nd) Italy
91%
1974 (1st) West Germany
90%
1990 (1st) West Germany
90%
1938 (1st) Italy
88%
1986 (2nd) West Germany
88%
1982 (1st) Italy
87%
1954 (1st) West Germany
86%
1970 (2nd) Italy
83%
1978 (2nd) Netherlands
79%
1958 (2nd) Sweden
70%
1930 (4th) Yugoslavia
66%
1962 (2nd) Czechoslovakia
64%
1950 (3rd) Sweden
64%
No matching quizzes found
Score Distribution
Percent of People with Each Score
Percentile by Number Answered
Your Score History
You have not taken this quiz since the last reset